Word Ladder: Mystery Movie Actor III Quiz Stats

 Plays Quiz Updated Nov 21, 2016

Support Sporcle.
Go Orange.
Score 0/27 Timer 03:00
1 Play Today
Clue 4-Letter Word % Correct
★ ''____ Man Walking'' (1995) ★●DEAD●
97.1%
A tightly closed handFIST
95.1%
Very fine rainMIST
93.5%
★ ''The Thin Red ____'' (1998) ★●LINE●
93.3%
''How to ____ a Guy in 10 Days'' (2003)LOSE
93%
★ ''The Tree of ____'' (2011) ★●LIFE●
91.6%
SNL intro: ''____ from New York....''LIVE
91.1%
Flesh of mammals when used for foodMEAT
91%
Become liquid; thawMELT
91%
★ ''This ____ Be the Place'' (2011) ★●MUST●
90.8%
An evergreen, coniferous treePINE
90.2%
Belly button fuzzLINT
90%
★'____ Times at Ridgemont High' ('82)●FAST●
89.5%
Fermented honey and waterMEAD
89.1%
Clue 4-Letter Word % Correct
Ball-point and fountainPENS
89%
Raise upLIFT
88.4%
Gone astray; mislaidLOST
86.7%
Martin or StockwellDEAN
86.2%
Partners to needles?PINS
85.7%
★ ''What ____ Happened'' (2008) ★●JUST●
84.1%
★ ''It's All About ____'' (2003) ★●LOVE●
83.8%
Grain, such as barley, used for brewingMALT
83.4%
''Two Years Before the ____'' (1946)MAST
78.6%
A jokeJEST
77.7%
★ American actor: [First rung] ____●PENN●
77.6%
★ American actor: ____ [Last rung] ★ ●SEAN●
76.6%
For fear thatLEST
75.5%

Today's Daily Dose

You're not logged in!

Compare scores with friends on all Sporcle quizzes.
OR
Log In

From the Vault

Musicians by Doll

by polarboy

These musicians are all living in a Barbie world.
Remove Ads.
Support Sporcle.
Get the best of Sporcle when you Go Orange. This ad-free experience offers more features, more stats, and more fun while also helping to support Sporcle. Thank you for becoming a member.

Show Comments

Extras

Top Quizzes Today


Score Distribution

Your Account Isn't Verified!

In order to create a playlist on Sporcle, you need to verify the email address you used during registration. Go to your Sporcle Settings to finish the process.

Report this User

Report this user for behavior that violates our Community Guidelines.

Details: